Novšie možnosti prepočtu dĺžky a štruktúry výrobného cyklu bakalárska práca

Guardado en:
Detalles Bibliográficos
Autor principal: Dejčiková, Alžbeta
Autor Corporativo: Fakulta podnikového manažmentu EU. Katedra manažmentu výroby a logistiky - zrušená
Otros Autores: Rakovská, Júlia, 1972-
Formato: Libro
Lenguaje:eslovaco
Publicado: Bratislava 2023
Etiquetas: Agregar Etiqueta
Sin Etiquetas, Sea el primero en etiquetar este registro!

MARC

LEADER 00000nbm a2200000 4500
001 0293483
005 20240529093242.8
041 0 |a slo 
044 |a SK 
245 1 0 |a Novšie možnosti prepočtu dĺžky a štruktúry výrobného cyklu  |b bakalárska práca  |c Alžbeta Dejčiková ; školiteľ: Júlia Rakovská 
264 1 |a Bratislava  |c 2023 
300 |a 45 s. 
100 1 |a Dejčiková, Alžbeta 
700 1 |a Rakovská, Júlia, 1972- 
710 2 |a Fakulta podnikového manažmentu EU. Katedra manažmentu výroby a logistiky - zrušená